000 00325nam a2200133Ia 4500
008 230312s9999||||xx |||||||||||||| ||und||
020 _a978-0170-182393
082 _a808.06665
_bEME-W
100 _aEmerson;Lisa
245 0 _aWriting Guidelines for Business Students
300 _a128
650 _aManagement
942 _cBK
999 _c14834
_d14834